000 00652cab a2200277 4500
001 ABS60409
008 090401t1999 xxu||||| |||| 00| 0 eng d
035 _a(Sirsi) u92836
041 _aeng
100 _aMason, D.
245 _aWaste not...
260 _c1999
350 _a0
490 _aSurveyor
_v8 April 1999, 12-13(2)
650 _aBOVIS
650 _aCITY OF LONDON
650 _aCONSTRUCTION PROJECTS
650 _aCONSTRUCTION SITES
650 _aDESIGN PROCESS
650 _aDETR
650 _aENVIRONMENTAL IMPACT
650 _aWASTE MINIMISATION
690 _aBUILT ENVIRONMENT
942 _n0
948 _c20/04/1999
999 _c58841
_d58841